000 00302 a2200121 4500
999 _c325197
_d325197
001 90124
003 NUST
082 _a891.4391 NOS
100 _aNoshi Gillani
_99751
245 _aMohabbatain Jab Shumaar Karna
_hUrdu
260 _aLahore
_bAl Hamd Publications
_c1997
300 _a266p.
942 _aCAE NUST
_k891.4391 NOS
_cBK
_2ddc